Tweed New Haven Airport Destinations (New Haven, CT, USA) - Statistics

General Stats
  • This quiz has been taken 76 times
    42 since last reset
  • The average score is 20 of 33
Answer Stats
Airline Destination % Correct
Avelo Airlines Washington (Dulles)
96%
Avelo Airlines/Breeze Airways Orlando
92%
Avelo Airlines Tampa
92%
Avelo Airlines Atlanta
88%
Avelo Airlines Charlotte/Concord
88%
Avelo Airlines Chicago (O'Hare)
88%
Avelo Airlines Nashville
81%
Avelo Airlines Baltimore
77%
Avelo Airlines Houston (Hobby)
77%
Avelo Airlines/Breeze Airways Jacksonville (FL)
77%
Avelo Airlines/Breeze Airways Charleston (SC)
73%
Avelo Airlines Dallas/Fort Worth
73%
Avelo Airlines Fort Lauderdale
73%
Avelo Airlines/Breeze Airways Fort Myers
69%
Avelo Airlines New Orleans
69%
Avelo Airlines/Breeze Airways Raleigh/Durham
69%
Avelo Airlines Detroit
65%
Avelo Airlines/Breeze Airways West Palm Beach
65%
Avelo Airlines Myrtle Beach
62%
Avelo Airlines Sarasota
58%
Avelo Airlines Savannah
58%
Breeze Airways Richmond
54%
Breeze Airways Norfolk
46%
Avelo Airlines Destin/Fort Walton Beach
42%
Avelo Airlines Wilmington (NC)
38%
Avelo Airlines Greenville/Spartanburg
35%
Avelo Airlines Portland (ME)
35%
Avelo Airlines Daytona Beach
31%
Avelo Airlines Knoxville
31%
Avelo Airlines Lakeland
23%
Avelo Airlines San Juan
19%
Breeze Airways Vero Beach
15%
Avelo Airlines Traverse City
12%
No matching quizzes found
Score Distribution
Percent of People with Each Score
Percentile by Number Answered
Your Score History
You have not taken this quiz since the last reset